[Event "Tatarstan-ch op"]
[Site "Kazan"]
[Date "2009.08.26"]
[Round "7"]
[White "Tokarev, Ilya"]
[Black "Talov, Nikita"]
[Result "1-0"]
[WhiteElo "2235"]
[BlackElo "2084"]
[PlyCount "61"]
[EventDate "2009.08.20"]
[EventType "swiss"]
[EventRounds "9"]
[EventCountry "RUS"]
[SourceTitle "EXT 2010"]
[Source "ChessBase"]
[SourceDate "2010.11.25"]
[SourceVersion "1"]
[SourceVersionDate "2010.11.25"]
[SourceQuality "1"]

1. c4 c5 2. Nc3 Nf6 3. g3 e6 4. Nf3 b6 5. Bg2 Bb7 6. 0-0 Be7 7. d4 cxd4 8. Qxd4 d6 9. Bg5 a6 10. Bxf6 Bxf6 11. Qf4 Qc7 12. Rfd1 Be7 13. Ne4 e5 14. Qe3 0-0 15. Rac1 Nd7 16. Nc3 Rac8 17. b3 Rfd8 18. Qd2 Nf6 19. Ne1 Rd7 20. Bh3 h5 21. Nd5 Bxd5 22. cxd5 Qb7 23. Rxc8+ Qxc8 24. Rc1 Qb7 25. Bxd7 Qxd7 26. f3 h4 27. e4 Nh5 28. Qc2 Qb5 29. a4 Qb4 30. Qc8+ Kh7 31. Qc3 1-0

[Event "Tatarstan-ch op"]
[Site "Kazan"]
[Date "2009.08.23"]
[Round "4"]
[White "Askarov, Marat"]
[Black "Tokarev, Ilya"]
[Result "1-0"]
[WhiteElo "2495"]
[BlackElo "2235"]
[PlyCount "85"]
[EventDate "2009.08.20"]
[EventType "swiss"]
[EventRounds "9"]
[EventCountry "RUS"]
[SourceTitle "EXT 2010"]
[Source "ChessBase"]
[SourceDate "2010.11.25"]
[SourceVersion "1"]
[SourceVersionDate "2010.11.25"]
[SourceQuality "1"]

1. c4 c6 2. Nf3 d5 3. d4 Nf6 4. e3 a6 5. Bd3 b5 6. c5 Bg4 7. a4 Nbd7 8. 0-0 e5 9. Be2 e4 10. Ne1 Bxe2 11. Qxe2 g6 12. Nc2 Bg7 13. Nb4 Qc8 14. Nd2 0-0 15. Nb3 Qc7 16. Bd2 Rfb8 17. axb5 Rxb5 18. Ra3 Ra7 19. Rfa1 Nb8 20. Na2 Qc8 21. Nc3 Rbb7 22. Na4 Ne8 23. Nb6 Qe6 24. Na5 Re7 25. Rb3 Nc7 26. Nxd5 Nxd5 27. Rxb8+ Re8 28. Rb7 Rxb7 29. Nxb7 Rb8 30. Qxa6 Qd7 31. Nd6 Rxb2 32. Bc1 Rb4 33. Nxe4 Qe6 34. Nd6 Bf8 35. Bd2 Rb2 36. Nc4 Rc2 37. Qa4 Nxe3 38. Bxe3 Rxc4 39. Qa8 Kg7 40. h3 Be7 41. Ra6 Bf6 42. Rxc6 Qe4 43. Qa6 1-0

[Event "Tatarstan-ch op"]
[Site "Kazan"]
[Date "2009.08.22"]
[Round "3"]
[White "Tokarev, Ilya"]
[Black "Akhmadeev, Vadim"]
[Result "1/2-1/2"]
[WhiteElo "2235"]
[BlackElo "2425"]
[PlyCount "53"]
[EventDate "2009.08.20"]
[EventType "swiss"]
[EventRounds "9"]
[EventCountry "RUS"]
[SourceTitle "EXT 2010"]
[Source "ChessBase"]
[SourceDate "2010.11.25"]
[SourceVersion "1"]
[SourceVersionDate "2010.11.25"]
[SourceQuality "1"]

1. c4 e6 2. Nf3 d5 3. b3 Nf6 4. g3 a5 5. Bg2 a4 6. 0-0 axb3 7. Qxb3 c6 8. d4 Nbd7 9. Nc3 Be7 10. Re1 0-0 11. e4 dxe4 12. Nxe4 Nxe4 13. Rxe4 c5 14. d5 Nf6 15. Re5 exd5 16. cxd5 Ng4 17. Re1 Bf6 18. Bb2 Bxb2 19. Qxb2 Qxd5 20. Ne5 Qd4 21. Qxd4 cxd4 22. Nxg4 Bxg4 23. Re4 Be6 24. Rxd4 Rxa2 25. Rxa2 Bxa2 26. Bxb7 Rb8 27. Ra4 1/2-1/2

[Event "Tatarstan-ch op"]
[Site "Kazan"]
[Date "2009.08.21"]
[Round "2"]
[White "Glukhov, Alexander"]
[Black "Tokarev, Ilya"]
[Result "0-1"]
[WhiteElo "2038"]
[BlackElo "2235"]
[PlyCount "90"]
[EventDate "2009.08.20"]
[EventType "swiss"]
[EventRounds "9"]
[EventCountry "RUS"]
[SourceTitle "EXT 2010"]
[Source "ChessBase"]
[SourceDate "2010.11.25"]
[SourceVersion "1"]
[SourceVersionDate "2010.11.25"]
[SourceQuality "1"]

1. e4 e6 2. d4 d5 3. Nd2 Nc6 4. Ngf3 Nf6 5. e5 Nd7 6. c3 f6 7. exf6 Qxf6 8. Bb5 Bd6 9. Nf1 e5 10. dxe5 Ncxe5 11. Nxe5 Qxe5+ 12. Qe2 c6 13. Qxe5+ Nxe5 14. Be2 Bf5 15. Be3 Nd3+ 16. Bxd3 Bxd3 17. 0-0-0 Bf5 18. Ng3 Bg6 19. h4 h6 20. Rhe1 0-0 21. Bd4 Rae8 22. b3 Ba3+ 23. Kd2 Be7 24. Bxa7 Bxh4 25. Rxe8 Rxe8 26. a4 Bg5+ 27. Be3 Bxe3+ 28. fxe3 Re5 29. Rg1 Kf7 30. b4 h5 31. Rf1+ Ke7 32. Rf2 h4 33. Ne2 Be4 34. Nd4 Rg5 35. Nf3 Rg4 36. Ke2 g5 37. Kf1 Rg3 38. Ke2 Kd6 39. Kf1 h3 40. Kg1 Bxf3 41. Rxf3 Rxg2+ 42. Kf1 g4 43. Rf7 g3 44. Rh7 Rf2+ 45. Kg1 h2+ 0-1